|
|
|
|
| LEADER |
01468nam a22003017a 4500 |
| 001 |
33423 |
| 003 |
BD-DhAAL |
| 005 |
20250623164029.0 |
| 008 |
180716t2017 bg a b 001 0 eng |
| 040 |
|
|
|a BD-DhAAL
|c BD-DhAAL
|
| 041 |
|
|
|a eng
|
| 082 |
0 |
0 |
|a 378.1554
|2 22
|
| 245 |
0 |
0 |
|a BRAC University :
|k annual report,
|f 2017.
|
| 246 |
|
|
|a BRAC University annual report 2017
|
| 260 |
|
|
|a Dhaka :
|b BRAC University,
|c 2017.
|
| 300 |
|
|
|a 158 pages :
|b some color illustrations ;
|c 28 cm
|
| 526 |
|
|
|a AAL
|
| 541 |
|
|
|a Complimentary copy
|e 33423, 33424, 33425
|
| 650 |
|
0 |
|a Education, Higher.
|9 5588
|
| 650 |
|
0 |
|a University extension.
|9 5589
|
| 710 |
|
|
|a BRAC University
|9 5590
|
| 852 |
|
|
|a Ayesha Abed Library
|c General Stacks
|
| 856 |
|
|
|z Full text available on BRAC University Institutional Repository
|u http://hdl.handle.net/10361/10352
|
| 942 |
|
|
|2 ddc
|c BK
|
| 999 |
|
|
|c 39810
|d 39810
|
| 952 |
|
|
|0 0
|1 0
|2 ddc
|4 0
|6 378_155400000000000_BRA
|7 0
|8 RPT
|9 63843
|a BRACUL
|b BRACUL
|c GEN
|d 2018-07-16
|e Complimentary copy
|l 0
|o 378.1554 BRA
|p 3010033423
|r 2018-07-16
|w 2018-07-16
|y BK
|x Complimentary copy
|
| 952 |
|
|
|0 0
|1 0
|2 ddc
|4 0
|6 378_155400000000000_BRA
|7 0
|8 RPT
|9 63844
|a BRACUL
|b BRACUL
|c GEN
|d 2018-07-16
|e Complimentary copy
|l 0
|o 378.1554 BRA
|p 3010033424
|r 2018-07-16
|w 2018-07-16
|y BK
|x Complimentary copy
|
| 952 |
|
|
|0 0
|1 4
|2 ddc
|4 0
|6 378_155400000000000_BRA
|7 0
|8 RPT
|9 63845
|a BRACUL
|b BRACUL
|c GEN
|d 2018-07-16
|e Complimentary copy
|l 0
|o 378.1554 BRA
|p 3010033425
|r 2018-07-16
|w 2018-07-16
|y BK
|x Koha Inventory 2020
|